Γράμματα ΙΙ : νεοελληνική φιλολογία (19ος και 20ός αιώνας).

Saved in:
Bibliographic Details
Other Authors: Αναστασιάδου, Αναστασία, Γαραντούδης, Ευριπίδης, 1964-
Format: Book
Language:Greek
Published: Πάτρα : Ελληνικό Ανοικτό Πανεπιστήμιο, 2000.
Subjects:
Tags: Add Tag
No Tags, Be the first to tag this record!

MARC

LEADER 00000cam a2200000 i 4500
001 1/44859
008 070516s2000 gr | ||| |||| | gre d
020 |a 9605382814 
020 |a 9605382636 
035 |l 10087967 
035 |l 10087851 
040 |a GR-MY-UA  |b gre  |e aacr 
041 0 |a gre 
082 0 |a 889  |2 (22) 
245 0 0 |a Γράμματα ΙΙ : νεοελληνική φιλολογία (19ος και 20ός αιώνας).  
260 |a Πάτρα :   |b Ελληνικό Ανοικτό Πανεπιστήμιο,   |c 2000.  
300 |a 2 τ. ;   |c 28 εκ. 
500 |a Σχολή Ανθρωπιστικών Σπουδών, Πρόγραμμα Σπουδών: Σπουδές στον Ελληνικό Πολιτισμό.  
504 |a Περιέχει βιβλιογραφία.  
505 8 |a Τ. 1. Ανθολόγιο νεοελληνικών λογοτεχνικών κειμένων (19ος και 20ός αιώνας) / Αναστασία Αναστασιάδου ... [κ.ά.] -- τ. 2. Νεότερη ελληνική λογοτεχνία (19ος και 20ός αιώνας) : εγχειρίδιο μελέτης / Ευριπίδης Γαραντούδης ... [κ.ά.]  
650 0 0 |a Greek literature, Modern  |y 19th century. 
650 0 0 |a Greek literature, Modern  |y 20th century. 
650 0 0 |a Greek literature, Modern  |x History and criticism. 
650 0 0 |a Greek philology, Modern. 
700 1 |a Αναστασιάδου, Αναστασία. 
700 1 |a Γαραντούδης, Ευριπίδης,   |d 1964- 
740 0 |a Ανθολόγιο νεοελληνικών λογοτεχνικών κειμένων (19ος και 20ός αιώνας).  
740 0 |a Νεότερη ελληνική λογοτεχνία (19ος και 20ός αιώνας) : εγχειρίδιο μελέτης.  
852 |a INST  |b LESVOS  |e 20220809  |h 889 ΓΡΑ  |p 005100038492  |q 005100038492  |t BK  |v τομ.2:  |y 0 
852 |a INST  |b LESVOS  |e 20220809  |h 889 ΓΡΑ  |p 005100038512  |q 005100038512  |t BK  |v τομ.1:  |y 0 
853 |a INST  |b LESVOS  |h 889 ΓΡΑ 
901 |a BIBL1-2007-2 
970 |a ΧΑΤΖΗΜΙΧΑΗΛ  |b ΜΑΡΙΑ  |z 2007/05/16